THE BUSINESS ENVIRONMENT (Record no. 215855)

MARC details
000 -LEADER
fixed length control field 00530nam a22001817a 4500
008 - FIXED-LENGTH DATA ELEMENTS--GENERAL INFORMATION
fixed length control field 250708b |||||||| |||| 00| 0 eng d
020 ## - INTERNATIONAL STANDARD BOOK NUMBER
International Standard Book Number 978-1-4080-3016-5
050 ## - LIBRARY OF CONGRESS CALL NUMBER
Classification number HD 31 .K45 2013
100 ## - MAIN ENTRY--PERSONAL NAME
Personal name KELLY, PHIL
245 ## - TITLE STATEMENT
Title THE BUSINESS ENVIRONMENT
260 ## - PUBLICATION, DISTRIBUTION, ETC.
Place of publication, distribution, etc. UNITED KINGDOM
Name of publisher, distributor, etc. CENGAGE LEARNING, EMEA
Date of publication, distribution, etc. 2013
300 ## - PHYSICAL DESCRIPTION
Extent XVII,382P.:ILL
500 ## - GENERAL NOTE
General note INCLUDES BIBLIOGRAPHICAL REFERENCES AND INDEX
650 ## - SUBJECT ADDED ENTRY
Topical term or geographic name entry element INDUSTRIAL MANAGEMENT BUSINESS
700 ## - ADDED ENTRY--PERSONAL NAME
Personal name ASHWIN, ANDREW
942 ## - ADDED ENTRY ELEMENTS (KOHA)
Source of classification or shelving scheme Library of Congress Classification
Koha item type Long Loan Book
Holdings
Withdrawn status Lost status Source of classification or shelving scheme Damaged status Not for loan Collection Home library Current library Shelving location Date acquired Inventory number Total checkouts Full call number Barcode Date last seen Copy number Price effective from Koha item type
    Library of Congress Classification     Business & Economics Kisii University Library Kisii University Library On Display 07/08/2025 108868   HD 31 .K45 2013 000000024607 07/08/2025 1 07/08/2025 Long Loan Book
    Library of Congress Classification     Business & Economics Kisii University Library Kisii University Library On Display 07/08/2025 108869   HD 31 .K45 2013 000000024606 07/08/2025 2 07/08/2025 Long Loan Book
    Library of Congress Classification     Business & Economics Kisii University Library Kisii University Library On Display 07/08/2025 108870   HD 31 .K45 2013 000000024581 07/08/2025 3 07/08/2025 Long Loan Book
    Library of Congress Classification     Business & Economics Kisii University Library Kisii University Library On Display 07/08/2025 108871   HD 31 .K45 2013 000000024580 07/08/2025 4 07/08/2025 Long Loan Book
    Library of Congress Classification     Business & Economics Kisii University Library Kisii University Library On Display 07/08/2025 108872   HD 31 .K45 2013 000000024579 07/08/2025 5 07/08/2025 Long Loan Book